| 000 | 00319nam a22001337a 4500 | ||
|---|---|---|---|
| 082 |
_a297 _bMOR |
||
| 245 | _aMoral code of Islam | ||
| 260 |
_aRawalpindi _bGHQ |
||
| 300 | _a10 p. | ||
| 526 |
_a0 _b0 _c0 _d297_000000000000000_MOR |
||
| 526 |
_a0 _b0 _c0 _d297_000000000000000_MOR |
||
| 650 |
_aMCE _9379 |
||
| 942 |
_2ddc _cBK |
||
| 999 |
_c542165 _d542165 |
||